00670cam a22001937a 4500003000400000005001700004008004100021017002100062020001800083040001400101100002200115245010800137260002900245300004600274504003700320600004300357650005100400700002500451OSt20160711160537.0160711s2016 spca||| |||| 000 0bcat|d aDL B. 10184-2016 a9788416498413 bcatcCDMR1 aGarcia, Betsabé10aAmb uns altres ulls b: la biografia de Montserrat Roig cBetsabé Garcia ; traducció de Jordi Vidal aBarcelona :bRoca,c2016 a431 p., [12] p. de làm. :bil. ;c23 cm aBibliografia p. 427-431. Índex14aRoig, Montserratd1946-1991xBiografia 7aEscriptores catalanesyS. XXxBiografia2lemac1 aVidal, Jordi,etrad.